000 00587cam a22002053a 4500
001 45418
003 PGUSA
005 20140828084041.0
008 140416s2014||||xxu|||||s|||||000 | eng d
040 _aPGUSA
_beng
042 _adc
100 1 _aRohmer, Theodor
245 1 0 _aDeutschlands Beruf in der Gegenwart und Zukunft
_h[electronic resource] /
_cTheodor Rohmer
260 _bProject Gutenberg,
_c2014
506 _aPublic domain in the USA.
516 _aElectronic text
830 0 _aProject Gutenberg
_v45418
856 4 0 _uhttp://www.gutenberg.org/ebooks/45418
942 _cEB
999 _c274669
_d274669